Ordenanzas del trabajo, siglos XVI y XVII / (Record no. 110358)
[ view plain ]
| 000 -LEADER | |
|---|---|
| campo de control de longitud fija | 00844nam a2200217 4500 |
| 001 - NÚMERO DE CONTROL | |
| campo de control | 110358 |
| 003 - IDENTIFICADOR DE NÚMERO DE CONTROL | |
| campo de control | ES-MaACL |
| 005 - FECHA Y HORA DE LA ÚLTIMA TRANSACCIÓN | |
| campo de control | 20250730080558.0 |
| 007 - CAMPO FIJO DE DESCRIPCIÓN FÍSICA--INFORMACIÓN GENERAL | |
| campo de control de longitud fija | t| |
| 008 - DATOS DE LONGITUD FIJA--INFORMACIÓN GENERAL | |
| campo de control de longitud fija | 061121s1947 mx r ||||1| spa d |
| 245 00 - MENCIÓN DEL TÍTULO | |
| Título | Ordenanzas del trabajo, siglos XVI y XVII / |
| Mención de responsabilidad, etc. | Selección y notas de Silvio Zavala. |
| 260 ## - PUBLICACIÓN, DISTRIBUCIÓN, ETC. | |
| Lugar de publicación, distribución, etc. | México : |
| Nombre del editor, distribuidor, etc. | `Elede`, |
| Fecha de publicación, distribución, etc. | 1947. |
| 300 ## - DESCRIPCIÓN FÍSICA | |
| Extensión | XXV, 29-318 h. ; |
| Dimensiones | 24 cm. |
| 490 1# - MENCIÓN DE SERIE | |
| Mención de serie | Colección de obras históricas mexicanas |
| 500 ## - NOTA GENERAL | |
| Nota general | Es publicación nº5 del Instituto de Historia de la Universidad Nacional Autónoma de México. |
| 700 1# - ENTRADA AGREGADA--NOMBRE PERSONAL | |
| Nombre de persona | Zavala, Silvio, |
| Fechas asociadas al nombre | 1909-2014 |
| 9 (RLIN) | 118108 |
| 710 2# - ENTRADA AGREGADA--NOMBRE DE ENTIDAD CORPORATIVA | |
| Nombre de entidad corporativa o nombre de jurisdicción como elemento de entrada | Universidad Nacional Autónoma de México. |
| Unidad subordinada | Instituto de Historia. |
| 9 (RLIN) | 7398 |
| 830 0# - PUNTO DE ACCESO ADICIONAL DE SERIE-TÍTULO UNIFORME | |
| Título uniforme | Colección de obras históricas mexicanas |
| 9 (RLIN) | 233017 |
| 852 ## - LOCALIZACIÓN | |
| Ubicación | ES-MaACL |
| Número de control de estantería | C-4480 |
| Sublocalización o colección | R.24368 |
| Estatus retirado | Estado de pérdida | Estado de daño | No para préstamo | Biblioteca de origen | Biblioteca actual | Ubicación en estantería | Fecha de adquisición | Fuente de adquisición | Total de préstamos | Signatura topográfica completa | Código de barras | Visto por última vez | Precio de reemplazo | Tipo de ítem Koha |
|---|---|---|---|---|---|---|---|---|---|---|---|---|---|---|
| Biblioteca del Ateneo de Madrid | Biblioteca del Ateneo de Madrid | Sala Palomar | 17/01/2008 | C-4480 | 1115136 | 23/02/2023 | 23/02/2023 | Libro impreso |
